00675nam a22001337a 4500008004100000020001700041050000800058100002100066245005200087260003700139300002100176500002000197505032400217190919b xxu||||| |||| 00| 0 eng d a978818992344 aREF aSharma, Anhuman. aPrinciples of communication. /cAnhuman Sharma. aNew Delhi :bVenus Books,c2014. a281 p. :c23 cm. aIncludes index. aContents: Communication -- The communication process -- Consideration of communication -- Effective communications -- Models of the communication process -- Value of communication -- Human communication -- Non-verbal communication -- Theory of symbolic interactionism -- Human-computer interaction -- Reserach methods.